| 000 | 01630cad a22003495a 4500 | ||
|---|---|---|---|
| 001 | E149590 | ||
| 008 | 100323s2009 xxk f 100 0 eng d | ||
| 035 | _a(Sirsi) u149590 | ||
| 041 | 0 | _aeng | |
| 050 | 0 | 4 | _a346.41043 $2 18 |
| 111 | 2 |
_aProperty Litigation Association Autumn Training Day _bLondon |
|
| 245 | 0 | 0 |
_aProperty Litigation Association autumn training day _bNovember 2009 _h[electronic resource] |
| 260 |
_a[S.l.] _bPLA _c2009 |
||
| 505 | 2 | _aWhat's mine is yours: beneficial interests in domestic and commercial property -- How to interpret the contract to your clint's advantage after Charterbrook: the factual matrix reloaded -- Alienation and consent -- Company law for property litigators -- Exercising rights of entry: a quick fix or a recipe for litigation? -- Land Registry adjudication: a beginner's guide -- On the hook? Release of the surety -- Gimme a break: how to avoid the pitfalls associated with options to determine leases | |
| 520 | _aCollection of conference papers from the Property Litigation Association's 2009 Autumn training day. | ||
| 521 | 2 | _aAdvanced | |
| 590 | _aKA | ||
| 651 | 4 |
_aUnited Kingdom _y |
|
| 690 | _aPROPERTY | ||
| 700 | 1 | _aSeitler, Jonathan | |
| 700 | 1 | _aBignell, Janet | |
| 700 | 1 | _aRodger, Martin | |
| 700 | 1 | _aJefferies, Thomas | |
| 700 | 1 | _aHolland, David | |
| 700 | 1 | _aMcGhee, John | |
| 700 | 1 | _aTanney, Anthony | |
| 700 | 1 | _aGreenhill, Julian | |
| 700 | 1 | _aFancourt, Timothy | |
| 700 | 1 | _aWicks, Joanne | |
| 856 | 4 | 0 |
_uhttps://www.pla.org.uk/library/conference_papers _zView the conference papers free of charge at www.pla.org.uk... |
| 942 | _n0 | ||
| 999 |
_c110549 _d110549 |
||